Najwyższe szczyty państw świata - Statystyki

Ogólne statystyki
  • Ten quiz został rozwiązany 403 razy
    358 od ostatniego zresetowania
  • Średni wynik to 13 z 187
Statystyki odpowiedzi
L.p. Państwo Najwyższy szczyt Wysokość (m.n.p.m.) % Poprawnych
1 Chiny Mount Everest 8848 m
95%
1 Nepal Mount Everest 8848 m
95%
3 Pakistan K2 8611 m
87%
98 Polska Rysy 2499 m
76%
17 Tanzania Kilimandżaro 5895 m
59%
30 Francja Mont Blanc 4810 m
58%
31 Włochy Mont Blanc 4748 m
58%
20 Rosja Elbrus 5642 m
49%
15 Stany Zjednoczone Denali (McKinley) 6194 m
48%
88 Słowacja Gerlach 2655 m
48%
10 Argentyna Aconcagua 6961 m
45%
110 Australia Góra Kościuszki 2228 m
42%
133 Czechy Śnieżka 1602 m
36%
4 Indie Kanczendzonga 8586 m
30%
120 Cypr Olimbos 1952 m
27%
69 Niemcy Zugspitze 2962 m
27%
25 Turcja Ararat 5137 m
26%
46 Japonia Fudżi 3776 m
25%
76 Słowenia Triglav 2864 m
18%
139 Wielka Brytania Ben Nevis 1345 m
16%
45 Austria Grossglockner 3798 m
16%
29 Indonezja Jaya 4884 m
16%
105 Portugalia Pico 2351 m
16%
23 Kenia Kenia 5199 m
15%
115 Ukraina Howerla 2061 m
13%
48 Hiszpania Pico de Teide 3718 m
13%
16 Kanada Logan 5959 m
12%
33 Szwajcaria Dufourspitze 4634 m
11%
7 Afganistan Noszak 7492 m
11%
95 Rumunia Moldoveanu 2544 m
10%
72 Bułgaria Musała 2925 m
9%
8 Kirgistan Szczyt Zwycięstwa (Dżengisz czokusu) 7439 m
9%
14 Ekwador Chimborazo 6267 m
8%
47 Nowa Zelandia Góra Cooka 3754 m
8%
11 Chile Ojos del Salado 6893 m
8%
188 Watykan Wzgórze Watykańskie 75 m
8%
9 Kazachstan Chan Tengri 7010 m
6%
5 Bhutan Gangkhar Puensum 7570 m
6%
152 Węgry Kékes 1014 m
6%
38 Mongolia Chujten 4374 m
5%
26 Uganda Góra Stanleya 5109 m
5%
26 Demokratyczna Republika Konga Góra Stanleya 5109 m
5%
89 Egipt Góra Świętej Katarzyny 2629 m
5%
12 Peru Huascarán 6768 m
5%
41 Kamerun Kamerun 4095 m
5%
163 San Marino Monte Titano 756 m
5%
6 Tadżykistan Szczyt Ismaila Samaniego 7495 m
5%
99 Norwegia Galdhøpiggen 2469 m
4%
21 Meksyk Orizaba 5636 m
4%
24 Gruzja Szchara 5193 m
4%
96 Czarnogóra Zla Kolata 2534 m
4%
149 Irlandia Carrantuohill 1038 m
3%
71 Andora Coma Pedrosa 2942 m
3%
22 Iran Demawend 5610 m
3%
40 Maroko Dżabal Tubkal 4167 m
3%
172 Białoruś Góra Dzierżyńska 345 m
3%
35 Papua-Nowa Gwinea Góra Wilhelma 4509 m
3%
18 Mjanma Hkakabo Razi 5881 m
3%
114 Szwecja Kebnekaise 2097 m
3%
103 Bośnia i Hercegowina Maglić 2386 m
3%
73 Grecja Mytikas 2917 m
3%
28 Wenezuela Pico Bolívar 4981 m
3%
165 Belgia Signal de Botrange 694 m
3%
129 Chorwacja Vrh Dinare 1830 m
3%
43 Armenia Aragac 4090 m
2%
170 Mołdawia Dealul Bălăneşti 430 m
2%
82 Macedonia Północna Golem Korab 2764 m
2%
82 Albania Golem Korab 2764 m
2%
91 Liechtenstein Grauspitz 2599 m
2%
79 Syria Hermon 2814 m
2%
79 Izrael Hermon 2814 m
2%
112 Islandia Hvannadalshnúkur 2110 m
2%
111 Serbia Midżur 2169 m
2%
84 Korea Północna Pektu-san 2744 m
2%
81 Gujana Roraima 2810 m
2%
13 Boliwia Sajama 6542 m
2%
180 Malta Ta’ Dmejrek 253 m
2%
64 Algieria Tahat 3003 m
2%
174 Holandia Vaalserberg 322 m
2%
70 Filipiny Apo 2954 m
1%
50 Irak Cheekha Dar 3611 m
1%
58 Arabia Saudyjska Dżabal as-Sauda 3133 m
1%
67 Oman Dżabal Szams 2980 m
1%
176 Łotwa Gaiziņkalns 312 m
1%
32 Uzbekistan Khazret Sultan 4643 m
1%
41 Malezja Kinabalu 4095 m
1%
168 Luksemburg Kneiff 560 m
1%
117 Wyspy Świętego Tomasza i Książęca Pico de São Tomé 2024 m
1%
59 Dominikana Pico Duarte 3098 m
1%
97 Sri Lanka Pidurutalagala 2524 m
1%
34 Etiopia Ras Daszan 4550 m
1%
175 Estonia Suur Munamägi 318 m
1%
57 Turkmenistan Ajribaba 3139 m
0%
37 Azerbejdżan Bazardüzü Dağı 4485 m
0%
108 Libia Bikku Bitti 2267 m
0%
101 Mozambik Binga 2436 m
0%
122 Sierra Leone Bintumani 1948 m
0%
109 Jamajka Blue Mountain Peak 2256 m
0%
171 Antigua i Barbuda Boggy Peak 402 m
0%
128 Brunei Bukit Pagon 1850 m
0%
183 Singapur Bukit Timah 163 m
0%
169 Urugwaj Catedral 513 m
0%
44 Kostaryka Cerro Chirripó 3820 m
0%
75 Honduras Cerro Las Minas 2870 m
0%
159 Paragwaj Cerro Peró 842 m
0%
102 Nigeria Chappal Waddi 2419 m
0%
184 Monako Chemin des Révoires 161 m
0%
189 Nauru Command Ridge 71 m
0%
19 Kolumbia Cristóbal Colón 5775 m
0%
61 Sudan Deriba Caldera 3042 m
0%
93 Tajlandia Doi Inthanon 2565 m
0%
146 Belize Doyle’s Delight 1124 m
0%
185 Bahrajn Dżabal ad-Duchan 134 m
0%
49 Jemen Dżabal an-Nabi Szuajb 3666 m
0%
134 Tunezja Dżabal asz-Szanabi 1544 m
0%
127 Jordania Dżabal Umm ad Dami 1854 m
0%
155 Trynidad i Tobago El Cerro del Aripo 940 m
0%
85 Salwador El Pital 2730 m
0%
54 Czad Emi Kussi 3415 m
0%
125 Eswatini Emlembe 1862 m
0%
68 Timor Wschodni Foho Tatamailau 2963 m
0%
179 Litwa Góra Auksztocka 294 m
0%
121 Korea Południowa Halla-san 1950 m
0%
86 Burundi Heha 2684 m
0%
145 Mali Hombori Tondo 1153 m
0%
92 Zimbabwe Inyangani 2592 m
0%
142 Surinam Juliana Top 1280 m
0%
36 Rwanda Karisimbi 4507 m
0%
104 Komory Kartala 2361 m
0%
156 Mauretania Kidjat Idżdżil 915 m
0%
55 Sudan Południowy Kinyeti 3187 m
0%
94 Namibia Konigstein 2573 m
0%
186 Katar Kurajn Abu al-Baul 103 m
0%
60 Liban Kurnat as-Sauda 3088 m
0%
53 Południowa Afryka Mafadi 3450 m
0%
107 Zambia Mafinga 2339 m
0%
74 Madagaskar Maromokotro 2876 m
0%
126 Samoa Mauga Silisili 1858 m
0%
113 Nikaragua Mogoton 2107 m
0%
182 Dania Møllehøj 170 m
0%
135 Botswana Monalanong Hill 1494 m
0%
153 Togo Mont Agou 986 m
0%
147 Gabon Mont Bengoué 1070 m
0%
118 Niger Mont Idoukal-n-Taghès 2022 m
0%
151 Kongo Mont Nabeba 1020 m
0%
138 Republika Środkowoafrykańska Mont Ngaoui 1410 m
0%
136 Dominika Morne Diablotins 1447 m
0%
157 Seszele Morne Seychellois 905 m
0%
90 Angola Morro de Môco 2620 m
0%
158 Ghana Mount Afadjato 880 m
0%
190 Bahamy Mount Alvernia 63 m
0%
154 Saint Lucia Mount Gimie 950 m
0%
173 Barbados Mount Hillaby 336 m
0%
144 Saint Kitts i Nevis Mount Liamuiga 1156 m
0%
162 Mikronezja Mount Nanlaud 780 m
0%
181 Palau Mount Ngerchelchuus 242 m
0%
106 Wyspy Salomona Mount Popomanaseu 2335 m
0%
160 Grenada Mount Saint Catherine 840 m
0%
124 Vanuatu Mount Tabwemasana 1877 m
0%
141 Fidżi Mount Victoria 1324 m
0%
137 Liberia Mount Wuteve 1440 m
0%
148 Bangladesz Mowdok 1052 m
0%
116 Dżibuti Musa Ali 2028 m
0%
177 Kuwejt Mutla 306 m
0%
131 Wybrzeże Kości Słoniowej Nimba 1752 m
0%
131 Gwinea Nimba 1752 m
0%
56 Wietnam Phan Xi Păng 3143 m
0%
130 Kambodża Phnum Aôral 1813 m
0%
78 Laos Phou Bia 2819 m
0%
164 Burkina Faso Pic de Nakourou 749 m
0%
87 Haiti Pic la Selle 2680 m
0%
63 Gwinea Równikowa Pico Basilé 3011 m
0%
66 Brazylia Pico da Neblina 2994 m
0%
77 Republika Zielonego Przylądka Pico do Fogo 2829 m
0%
161 Mauritius Piton de la Petite Rivière Noire 828 m
0%
191 Gambia Red Rock 53 m
0%
140 Finlandia Ridnitsohkka 1328 m
0%
65 Malawi Sapitwa 3002 m
0%
100 Somalia Shimbiris 2450 m
0%
19 Simon Bolívar 5775 m
0%
62 Erytrea Soira 3018 m
0%
166 Benin Sokbaro 658 m
0%
143 Saint Vincent i Grenadyny Soufrière 1220 m
0%
39 Gwatemala Tajumulco 4220 m
0%
51 Lesotho Thabana Ntlenyana 3482 m
0%
119 Kuba Turquino 1974 m
0%
52 Panama Volcan de Chiriqui 3475 m
0%
Nie znaleziono quizów pasujących do podanych kryteriów
Rozkład punktacji
Procent ludzi z każdym wynikiem
Percentyl według liczby udzielonych odpowiedzi
Twoja historia wyników
Nie rozwiązałeś tego quizu od ostatniego zresetowania